Writing and thinking in contemporary academia the poetics of clarity

Đã lưu trong:
Chi tiết về thư mục
Tác giả chính: GRUNFELD, Martin
Định dạng: Sách
Ngôn ngữ:Tiếng Anh
Được phát hành: Routledge 2020
Các nhãn: Thêm thẻ
Không có thẻ, Là người đầu tiên thẻ bản ghi này!

MARC

LEADER 00000nam a22000007a 4500
008 230731b |||||||| |||| 00| 0 eng d
020 |a 9781138312135 
100 |a GRUNFELD, Martin 
245 |a Writing and thinking in contemporary academia  |b the poetics of clarity  |c Martin Grunfeld  |g x, 157p 
260 |b Routledge  |c 2020  |h London  |i 700037  |i 700038  |l LB2364.G92  |m Academic writing  |m Communication in education  |m Interdisciplinary approach to knowledge 
500 |a it includes references and index 
942 |a lcc  |c BK  |e Johnson  |f 31/07/23 
952 |0 0  |1 0  |2 lcc  |4 0  |6 LB2364 G92  |7 0  |9 4327  |a ED  |b HOL  |c LP  |d 2023-07-31  |l 0  |o LB2364.G92  |p 2023-0253  |r 2023-07-31 00:00:00  |t 700037  |w 2023-07-31  |y BK 
952 |0 0  |1 0  |2 lcc  |4 0  |6 LB2364 G92  |7 0  |9 4328  |a HOL  |b HOL  |c LP  |d 2023-07-31  |l 0  |o LB2364.G92  |p 2023-0254  |r 2023-07-31 00:00:00  |t 700038  |w 2023-07-31  |y BK 
999 |c 2174  |d 2174